Books of the Catholic Bible - Statistics

General Stats
  • This quiz has been taken 28 times
  • The average score is 50 of 73
Answer Stats
Answer % Correct
Genesis
96%
Exodus
91%
Leviticus
87%
Deuteronomy
83%
Job
83%
Revelation
83%
1 Corinthians
78%
1 Kings
78%
2 Corinthians
78%
2 Kings
78%
Acts
78%
John
78%
Joshua
78%
Luke
78%
Mark
78%
Matthew
78%
Numbers
78%
Ruth
78%
1 Chronicles
74%
2 Chronicles
74%
Ezra
74%
Jonah
74%
Judges
74%
Romans
74%
1 Samuel
70%
2 Samuel
70%
Daniel
70%
Ephesians
70%
Haggai
70%
Isaiah
70%
Nehemiah
70%
Proverbs
70%
Wisdom
70%
1 John
65%
1 Thessalonians
65%
1 Timothy
65%
2 John
65%
2 Thessalonians
65%
2 Timothy
65%
3 John
65%
Colossians
65%
Ecclesiastes
65%
Ezekiel
65%
Hebrews
65%
James
65%
Jeremiah
65%
Joel
65%
Jude
65%
Judith
65%
Lamentations
65%
Malachi
65%
Micah
65%
Nahum
65%
Zechariah
65%
Zephaniah
65%
1 Peter
61%
2 Peter
61%
Amos
61%
Esther
61%
Galatians
61%
Hosea
61%
Philemon
61%
Song of Songs
61%
Titus
61%
1 Maccabees
57%
2 Maccabees
57%
Habakkuk
57%
Obadiah
57%
Philippians
57%
Tobit
57%
Baruch
43%
Sirach
43%
Pslams
22%
No matching quizzes found
Score Distribution
Percent of People with Each Score
Percentile by Number Answered
Your Score History
You have not taken this quiz